The elements of programming style /
Guardado en:
| Autor Principal: | |
|---|---|
| Otros Autores: | |
| Formato: | Libro |
| Idioma: | English |
| Publicado: |
New York :
McGraw-Hill,
c1978.
|
| Edición: | 2d ed. |
| Materias: | |
| Etiquetas: |
Agregar Etiqueta
Sin Etiquetas, Sea el primero en etiquetar este registro!
|
| LEADER | 00745cam a22002415a 4500 | ||
|---|---|---|---|
| 001 | EIQ.libpla001212 | ||
| 008 | 780223s1978####nyu######b####001#0#eng#d | ||
| 005 | 20060818143406.0 | ||
| 245 | 1 | 4 | |a The elements of programming style / |c Brian W. Kernighan, P. J. Plauger. |
| 250 | |a 2d ed. | ||
| 260 | |a New York : |b McGraw-Hill, |c c1978. | ||
| 300 | |a xii, 168 p. ; |c 23 cm. | ||
| 504 | |a Bibliografía: p. 157. | ||
| 500 | |a Incluye índice. | ||
| 020 | |a 0070342075 | ||
| 100 | 1 | |a Kernighan, Brian W. | |
| 700 | 1 | |a Plauger, P. J., |d 1944- | |
| 082 | 0 | 0 | |a 001.6/42 |
| 650 | 4 | |a Computadores |x Programación. | |
| 650 | 4 | |a Computers |x Programming. | |
| 010 | |a 78003498 | ||
| 040 | |a DLC |c DLC |d AR-BbSID | ||
| 859 | |a AR-BbSID |b BIB. PLAPIQUI |h 001.642 |i K 459 |p 1291 | ||
